| 000 | 00527nam a22001937a 4500 | ||
|---|---|---|---|
| 005 | 20251108164039.0 | ||
| 008 | 250721s1992 xx 000 0 ara d | ||
| 082 | 1 | 4 | _a216,7/منص |
| 100 | 1 | _aمنصور، محمد أحمد علي | |
| 245 | 1 | 0 | _aالجهاد في سبيل الله / |
| 264 | 1 |
_aعمان : _bدار الفكر، _c1992. |
|
| 300 | _a42ص | ||
| 490 | 0 | _aالكتب الإسلامية | |
| 650 | 1 | 7 | _aالإسلام |
| 650 | 1 | 7 | _aالفقه |
| 650 | 1 | 7 | _aالجهاد |
| 942 |
_2ddc _cBK |
||
| 999 |
_c2277 _d2277 |
||